| 000 | 00492nam a22001577a 4500 | ||
|---|---|---|---|
| 999 |
_c527162 _d527162 |
||
| 020 | _qHard Cover | ||
| 082 | _a658 | ||
| 100 | _aAkbar, Sara | ||
| 245 |
_aConsumer factors affecting e-commerce and online advertising in Pakistan / _cSara Akbar |
||
| 260 |
_aIslamabad: _bNBS - NUST, _c2014. |
||
| 300 |
_a51 p. : ill. ; _c30cm. |
||
| 942 |
_2ddc _cTHE |
||
| 690 | _918270 | ||
| 700 |
_aMs. Fatima Zaheer _918199 |
||